LEADER 00813nam0-22003011i-450- 001 990003036540403321 035 $a000303654 035 $aFED01000303654 035 $a(Aleph)000303654FED01 035 $a000303654 100 $a20000920d1967----km-y0itay50------ba 101 0 $aENG 102 $aIT 200 1 $aContinuities in the Study of Social Conflict$fLewis A. Coser. 210 $aNew York$cFree Press$d1967. 215 $ax, 272 p.$d22 cm 610 0 $aConflitto sociale 676 $a12350 676 $a20120 702 1$aCoser,$bLewis A.$f<1913- > 801 0$aIT$bUNINA$gRICA$2UNIMARC 901 $aBK 912 $a990003036540403321 952 $a12350 COS$b2122/I$fSES 959 $aSES 996 $aContinuities in the Study of Social Conflict$9463652 997 $aUNINA DB $aING01 LEADER 01114nam 2200397 450 001 9910818657903321 005 20230809224704.0 010 $a1-4232-3488-X 035 $a(CKB)3710000001404131 035 $a(MiAaPQ)EBC4877028 035 $a(Au-PeEL)EBL4877028 035 $a(CaPaEBR)ebr11397710 035 $a(OCoLC)990741406 035 $a(EXLCZ)993710000001404131 100 $a20190123d2017 uy 0 101 0 $aeng 135 $aurcnu|||||||| 181 $ctxt$2rdacontent 182 $cc$2rdamedia 183 $acr$2rdacarrier 200 10$aBiochemistry 2 /$fauthor, Frank Miskevich, PhD 210 1$a[Place of publication not identified] :$cBarCharts, Inc.,$d[2017] 210 4$dİ2017 215 $a1 online resource (6 pages) $cillustrations 311 $a1-4232-3325-5 606 $aChemistry$vOutlines, syllabi, etc 615 0$aChemistry 676 $a540.76 700 $aMiskevich$b Frank$01707238 801 0$bMiAaPQ 801 1$bMiAaPQ 801 2$bMiAaPQ 906 $aBOOK 912 $a9910818657903321 996 $aBiochemistry 2$94095294 997 $aUNINA